[Event "BRA-ch U26"]
[Site "Brasilia"]
[Date "2024.10.17"]
[Round "6"]
[White "Netto, Rafle Raphael"]
[Black "Alexandre, Francisco E Ximenes"]
[Result "0-1"]
[WhiteElo "1924"]
[BlackElo "1865"]
[PlyCount "118"]
[EventDate "2024.10.14"]
[EventType "swiss"]
[EventRounds "6"]
[EventCountry "BRA"]
[SourceTitle "CB43_2024"]
[Source "Chessbase"]
[SourceDate "2024.10.23"]
[SourceVersion "1"]
[SourceVersionDate "2024.10.23"]
[SourceQuality "1"]

1. e4 c6 2. d4 d5 3. Nd2 dxe4 4. Nxe4 Nd7 5. Nf3 Ngf6 6. Ng3 e6 7. Bd3 c5 8. 0-0 Be7 9. Re1 0-0 10. c3 b6 11. Qc2 Bb7 12. Ng5 h6 13. N5e4 cxd4 14. cxd4 Nd5 15. a3 Rc8 16. Qa4 a6 17. Bd2 N7f6 18. Rac1 Rxc1 19. Rxc1 Qa8 20. Nxf6+ Nxf6 21. Bf1 Rc8 22. Rxc8+ Qxc8 23. Qb3 Qc6 24. Ne2 Bd6 25. Nf4 Ne4 26. Be3 Ng5 27. Bd2 Ne4 28. Be3 Qc7 29. g3 Ng5 30. d5 Nf3+ 31. Kh1 Bxf4 32. Bxf4 Qd8 33. Bg2 Bxd5 34. Qd1 Nd4 35. f3 Qf6 36. Bd2 Bxf3 37. Bxf3 Qxf3+ 38. Qxf3 Nxf3 39. Bc3 Ng5 40. Kg2 f6 41. h4 Ne4 42. Bd4 b5 43. Kf3 Nd6 44. b3 h5 45. Bc5 Nb7 46. Be3 Kf7 47. Ke4 Ke7 48. Bd2 Nc5+ 49. Ke3 Kd6 50. b4 Nd7 51. Ke4 Nb6 52. Bf4+ e5 53. Bc1 Ke6 54. Kd3 Kd5 55. Be3 Nc4 56. Bc1 e4+ 57. Kc3 f5 58. a4 bxa4 59. Bf4 a3 0-1